Roberto Noboa (Record no. 1549)

MARC details
000 -LEADER
campo de control de longitud fija 00432nam a2200133 4500
008 - DATOS DE LONGITUD FIJA--INFORMACIÓN GENERAL
campo de control de longitud fija 759.986.6 N753r
082 ## - NÚMERO DE LA CLASIFICACIÓN DECIMAL DEWEY
Número de clasificación 759.986.6
Número de ítem N753r
100 ## - ENTRADA PRINCIPAL--NOMBRE DE PERSONA
Nombre de persona Noboa, Roberto
9 (RLIN) 6520
245 ## - MENCIÓN DEL TÍTULO
Título Roberto Noboa
260 ## - PUBLICACIÓN, DISTRIBUCIÓN, ETC.
Lugar de publicación, distribución, etc. Guayaquil, Ecuador
Nombre del editor, distribuidor, etc. DPM Arte Contemporáneo
Fecha de publicación, distribución, etc. 2004
300 ## - DESCRIPCIÓN FÍSICA
Extensión 68 p.
Otras características físicas ill (col)
Dimensiones 21.5 x 25 cm
650 ## - PUNTO DE ACCESO ADICIONAL DE MATERIA--TÉRMINO DE MATERIA
Subdivisión general arte contemporáneo
-- pintura
-- arte - exhibiciones
-- Ecuador
9 (RLIN) 6521
700 ## - ENTRADA AGREGADA--NOMBRE PERSONAL
Nombre de persona Kronfle, Rodolfo; Espinel, Mónica
9 (RLIN) 6522
Holdings
Estatus retirado Estado de pérdida Fuente del sistema de clasificación o colocación Estado de daño No para préstamo Biblioteca de origen Biblioteca actual Ubicación en estantería Fecha de adquisición Total de préstamos Signatura topográfica completa Código de barras Visto por última vez Precio de reemplazo Tipo de ítem Koha
    Clasificación Decimal Dewey     Biblioteca LadoV Biblioteca LadoV   14/07/2018   759.986.6 N753r 002373 14/07/2018 14/07/2018 Material 01